000 00694nam a22001937a 4500
003 OSt
005 20240610141126.0
008 240610b ||||| |||| 00| 0 eng d
040 _cAIMIT LIBRARY
100 _aSiraj, Zimryn.
_e2016154
_9169872
245 _aFinancial modelling and analysis of 50 flats housing project in gurgaon haryan India /
_cBy Zimryn Siraj ; Guided by Sumitha Achar.
260 _c2022.
650 _aIndustry profile company profile and introduction to study
_9169873
650 _aProblem identification
_9169874
650 _aResearch methodology
_9169875
700 _aAchar, Sumitha.
_eGuide
_9169876
856 _3Vardhan Consulting EngineerS
942 _2ddc
_cPRO
999 _c231098
_d231098